Pokemon master quest episodes Quiz Stats

Quiz not verified by Sporcle

Also try: 5-Letter TV Shows
Challenge
Share
Tweet
Embed
Score 0/65 Timer 10:00
0 Plays Today
episode # episode % Correct
564Gotta Catch Ya Later
78.8%
506Octillery The Outcast
75.8%
554Address Unown
72.7%
555Mother Of All Battles
72.7%
501Around The Whirlpool
69.7%
553You're A Star Larvitar
69.7%
556Pop Goes The Sneasel
69.7%
502Fly Me To The Moon
66.7%
521Hatching A Plan
66.7%
528As Cold As Pryce
66.7%
550Entei At Your Own Risk
66.7%
563Johto Photo Finish
66.7%
504The Corsola Caper
63.6%
549Hatch Me If You Can
63.6%
551A Crowning Achievement
63.6%
558Love Pokemon Style
63.6%
565Hoenn Alone
63.6%
513A Promise Is A Promise
60.6%
519Extreme Pokemon
60.6%
529Ice Pryce Baby
60.6%
537Wish Upon A Star Shape
60.6%
538Outrageous Fortunes
60.6%
542Beauty Is Skin Deep
60.6%
548Lapras Of Luxury
60.6%
527Rage Of Innocence
57.6%
515Nerves Of Steelix
54.5%
541(only aired in Japan)The Ice Cave
54.5%
546Why?Wynaut
54.5%
507Dueling Heroes
51.5%
512A Parent Trapped
51.5%
544Great Bowls Of Fire
51.5%
560The Ties That Bind
51.5%
530Whichever Way The Wind Blows
48.5%
episode # episode % Correct
540I Politoed You So
48.5%
547Just Add Water
48.5%
552Here's Looking At You Elekid
48.5%
510Hi Ho Silver...Away
45.5%
543Fangs For Nothing
45.5%
545Better Eight Than Never
45.5%
559Tie One On
45.5%
514Throwing In The Noctowl
42.4%
518For Ho-oh The Bells Toll
42.4%
503Taking It On The Chinchou
39.4%
520An Egg-Citing Adventure
39.4%
531Some Like It Hot
39.4%
517Espeon Not Included
36.4%
557A Claim To Flame
33.3%
561Can't Beat The Heat
33.3%
509Plant It Now...Diglett Later
30.3%
511The Mystery Is Away
30.3%
526Talking Bout An Evolution
30.3%
562Playing With Fire
30.3%
505Mantine Overboard
27.3%
516Bulbasaur The Ambassador
27.3%
522Dues And Dont's
24.2%
525Xatu The Future
18.2%
508The Perfect Match
12.1%
523Just Waiting On A Friend
12.1%
533As Clear As Crystal
12.1%
524A Tyrogue Full Of Trouble
9.1%
532Hocus Pokemon
9.1%
535Enlighten Up
9.1%
534Same Old Song And Dance
6.1%
536Will The Real Oak Please Stand Up
6.1%
539One Trick Phony
6.1%

You're not logged in!

Compare scores with friends on all Sporcle quizzes.
Join for Free
OR
Log In

You Might Also Like...

Show Comments

Extras

Created May 5, 2010ReportNominate
Tags:Pokémon Quiz, episode, master, quest

Top Quizzes Today


Score Distribution

Your Account Isn't Verified!

In order to create a playlist on Sporcle, you need to verify the email address you used during registration. Go to your Sporcle Settings to finish the process.

Report this User

Report this user for behavior that violates our Community Guidelines.

Details: